The Beatles - Help! - Statistics

General Stats
  • This quiz has been taken 33 times
  • The average score is 9 of 14
Answer Stats
# Song Name % Correct
1 Help!
100%
7 Ticket to Ride
74%
14 Dizzy Miss Lizzy
68%
12 I've Just Seen a Face
68%
2 The Night Before
68%
13 Yesterday
68%
6 You're Going to Lose That Girl
68%
3 You've Got to Hide Your Love Away
68%
8 Act Naturally
63%
5 Another Girl
63%
4 I Need You
58%
10 You Like Me Too Much
47%
11 Tell Me What You See
42%
9 It's Only Love
37%
No matching quizzes found
Score Distribution
Percent of People with Each Score
Percentile by Number Answered
Your Score History
You have not taken this quiz